000 00774nam a2200229Ii 4500
003 JO-AjNU
008 230605s9999||||xx |||||||||||||| ||und||
017 _a2010/17892
020 _a978-977-327-841-6
040 _aJO-AjNU
_bara
_erda
_cJO-AjNU
041 _aara
050 1 4 _aG155.AI.A23 2012
100 3 _aعبد الرحيم، أحمد الطاهر,
_eauthor
_934359
245 0 0 _aتسويق الخدمات السياحية
250 _aط1
264 3 1 _aالاسكندرية: دار الوفاء لدنيا الطباعة والنشر، 2012
300 _a210ص
_bيشتمل على جداول
336 _atext
_btxt
_2rdacontent
337 _aunmediated
_bn
_2rdamedia
338 _avolume
_bnc
_2rdacarrier
650 4 _aالسياحة - تسويق
_934360
999 _aA14081
_c17649
_d17649